000
00329nam a22001457a 4500
008
221024b ||||| |||| 00| 0 eng d
020
_a
9780534917128
041
_a
eng
080
_2
SEVENTH EDITION
_a
51
082
_a
51
100
_a
20.1
101
_a
MAT
245
_a
ALGEBRA TRIGONOMENTRY
_c
SWOKOWSKI E
942
_2
udc
_c
BK
999
_c
58657
_d
58657